<?xml version="1.0" encoding="UTF-8"?>
<record
    xmlns:xsi="http://www.w3.org/2001/XMLSchema-instance"
    xsi:schemaLocation="http://www.loc.gov/MARC21/slim http://www.loc.gov/standards/marcxml/schema/MARC21slim.xsd"
    xmlns="http://www.loc.gov/MARC21/slim">

  <leader>01809nam a22002177u 4500</leader>
  <datafield tag="999" ind1=" " ind2=" ">
    <subfield code="c">8661</subfield>
    <subfield code="d">8661</subfield>
  </datafield>
  <controlfield tag="001">WIIW0000155</controlfield>
  <controlfield tag="003">OSt</controlfield>
  <controlfield tag="005">20190121124928.0</controlfield>
  <controlfield tag="008">190107s2018    gw ||||| |||||||||||ger d</controlfield>
  <datafield tag="040" ind1=" " ind2=" ">
    <subfield code="c">OSt</subfield>
  </datafield>
  <datafield tag="041" ind1=" " ind2=" ">
    <subfield code="a">ger</subfield>
  </datafield>
  <datafield tag="100" ind1=" " ind2=" ">
    <subfield code="a">Tokarski, Pawel</subfield>
  </datafield>
  <datafield tag="245" ind1=" " ind2=" ">
    <subfield code="a">Deutschland, Frankreich und Italien im Euroraum.</subfield>
    <subfield code="b">Urspr&#xFC;nge, Merkmale und Folgen der begrenzten Konvergenz</subfield>
  </datafield>
  <datafield tag="260" ind1=" " ind2=" ">
    <subfield code="a">Berlin :</subfield>
    <subfield code="b">SWP Stiftung Wissenschaft und Politik,</subfield>
    <subfield code="c">Dezember 2018.</subfield>
  </datafield>
  <datafield tag="300" ind1=" " ind2=" ">
    <subfield code="a">41 S.</subfield>
  </datafield>
  <datafield tag="490" ind1="0" ind2=" ">
    <subfield code="a">SWP-Studie</subfield>
    <subfield code="v">2018/25</subfield>
    <subfield code="x">1611-6372</subfield>
  </datafield>
  <datafield tag="500" ind1=" " ind2=" ">
    <subfield code="a">Als in Europa eine gemeinsame W&#xE4;hrung eingef&#xFC;hrt wurde, war dies mit der Annahme verbunden, unter den beteiligten Staaten werde sich eine zunehmende wirtschaftliche Konvergenz einstellen. Die Erwartung wurde entt&#xE4;uscht. Statt sich &#xF6;konomisch allm&#xE4;hlich anzun&#xE4;hern, haben die L&#xE4;nder des Euroraums sich in ihrer wirtschaftlichen Leistung deutlich auseinander&#xAD;entwickelt. Das gr&#xF6;&#xDF;te Problem einer solchen Divergenz besteht darin, dass sie zu sozialen Unterschieden und zu Diskrepanzen bei den politischen Interessen im Bereich der wirtschaftlichen und monet&#xE4;ren Integration f&#xFC;hrt. Langfristig droht so das bestehende Integrationsmodell des Euroraums in Frage gestellt zu werden.

Bisherige Analysen, die sich wirtschaftlichen Unterschieden im Euroraum widmen, konzentrieren sich meist auf bestimmte Gruppen von L&#xE4;ndern, etwa S&#xFC;deuropa gegen&#xFC;ber Nordeuropa oder Zentrum versus Peripherie. Die vorliegende Studie folgt einem anderen Untersuchungsansatz f&#xFC;r das Konvergenzproblem. Sie richtet den Blick auf die drei gr&#xF6;&#xDF;ten Volkswirtschaften im Euro-W&#xE4;hrungsgebiet: Deutschland, Frankreich und Italien.</subfield>
  </datafield>
  <datafield tag="710" ind1="2" ind2=" ">
    <subfield code="a">Stiftung Wissenschaft und Politik</subfield>
  </datafield>
  <datafield tag="856" ind1="4" ind2="2">
    <subfield code="u">https://www.swp-berlin.org/publikation/euroraum-begrenzte-konvergenz/</subfield>
  </datafield>
  <datafield tag="942" ind1=" " ind2=" ">
    <subfield code="c">B</subfield>
  </datafield>
  <datafield tag="952" ind1=" " ind2=" ">
    <subfield code="0">0</subfield>
    <subfield code="1">0</subfield>
    <subfield code="4">0</subfield>
    <subfield code="7">0</subfield>
    <subfield code="a">BIB</subfield>
    <subfield code="b">BIB</subfield>
    <subfield code="c">1</subfield>
    <subfield code="d">2019-01-21</subfield>
    <subfield code="l">0</subfield>
    <subfield code="p">2000000006970</subfield>
    <subfield code="r">2019-01-21 00:00:00</subfield>
    <subfield code="w">2019-01-21</subfield>
    <subfield code="y">P</subfield>
  </datafield>
</record>
